000 01623cam a22003614a 4500
001 13613642
005 20160921110725.0
008 040604s2004 nyu b 001 0 eng
010 _a 2004052935
020 _a0399530479
040 _aDLC
_cDLC
_dDLC
042 _apcc
050 0 0 _aRC553.A88
_bS566 2004
082 0 0 _a616.85/882
_222
100 1 _aSicile-Kira, Chantal.
245 1 0 _aAutism spectrum disorders :
_bthe complete guide to understanding autism, Asperger's syndrome, pervasive developmental disorder, and other ASDs /
_cChantal Sicile-Kira.
250 _a1st Perigee pbk. ed.
260 _aNew York :
_bBerkeley Pub. Group,
_cc2004.
300 _axxi, 360 p. ;
_c23 cm.
500 _a"A Perigee book."
504 _aIncludes bibliographical references (p. [337]-350) and index.
650 0 _aAutism
_vPopular works.
650 0 _aAutism in children
_vPopular works.
650 0 _aAsperger's syndrome
_vPopular works.
650 0 _aDevelopmental disabilities
_vPopular works.
856 4 2 _3Contributor biographical information
_uhttp://www.loc.gov/catdir/enhancements/fy0717/2004052935-b.html
856 4 2 _3Publisher description
_uhttp://www.loc.gov/catdir/enhancements/fy0717/2004052935-d.html
856 4 1 _3Sample text
_uhttp://www.loc.gov/catdir/enhancements/fy1204/2004052935-s.html
856 4 1 _3Table of contents only
_uhttp://www.loc.gov/catdir/enhancements/fy1204/2004052935-t.html
906 _a7
_bcbc
_corignew
_d1
_eocip
_f20
_gy-gencatlg
942 _2lcc
_cBOOKS
999 _c13933
_d13933